Mária Terézia Artnerová - Theone

Podrobná bibliografia
Hlavný autor: Jónásová, Anna, 1945- (Autor)
Médium: Článok
Jazyk:slovenčina
ISBN:9788097116101

MARC

LEADER 00000naa a2200000uu 4500
001 vtls011049861
003 SK-MaSNL
005 20260302145425.0
008 210904|2012 xo |||||||||||||||||slo|
015 |a SNBRA 
035 |a (urnnbn)urn:nbn:sk:snk:ar-009739 
035 |a (uuid)46b58f47-71c4-430a-befb-01b44f788d37 
035 |a urn:nbn:sk:snk-aav0kr 
040 |a SNKBUCL  |b slo  |c SNKBUCL  |e AACR2 
041 0 |a slo 
044 |a xo  |c SK 
100 1 |a Jónásová, Anna,  |d 1945-  |4 aut  |9 229647 
245 1 0 |a Mária Terézia Artnerová - Theone  |c Anna Jónásová 
773 0 |t Theone  |d V Galante : Občianske združenie Galanta literárna, 2012  |g S. 14-34  |z 9788097116101 
958 |a OND 
958 |a article12 
958 |a chapter 
999 |c 1354101  |d 1356031